000 00584nam a2200181 i 4500
001 37998
003 ES-MaACL
005 20230906155658.0
007 t|
008 030224s1971 sp ||||1| spa d
110 2 _aCaja de Ahorros Municipal de San Sebastián.
_92300
245 1 0 _aMemoria.
260 _a[S.l. :
_bs.n.,
_c1971] (
_eUsúrbil (Guipuzcoa) :
_fImp. Santiago Valverde)
300 _a42 h. de lám. y gráf. ;
_c24 cm.
610 2 4 _aCaja de Ahorros Municipal de San Sebastián-
_vMemorias.
_9159090
852 _aES-MaACL
_jC-44481
_bR.78535
852 _aES-MaACL
_jC-41848
999 _c37998
_d37998